| 000 | 01481cam a22004097a 4500 | ||
|---|---|---|---|
| 003 | CHAP | ||
| 005 | 20220817043928.0 | ||
| 008 | 040226d1999 cr a r 00110 spa d | ||
| 010 | _a88103 | ||
| 011 | _a89075 | ||
| 035 | _a99624 | ||
| 040 | _cCHAP | ||
| 090 | _aFolleto 16732 | ||
| 100 | 0 | 0 |
_aRomero, Sergio. _999699 |
| 245 | 1 | 3 |
_aEl desarrollo sostenible de la agricultura: _bel potencial de la era digital _c/por Sergio Romero y Sergio Sepúlveda |
| 260 |
_aSan José, C. R. : _bInstituto Interamericano de Cooperación para la Agricultura, _c1999 |
||
| 300 |
_a16 h. : _bilus. |
||
| 410 | 2 | 1 | _aInstituto Interamericano de Cooperación para la Agricultura |
| 490 | 0 |
_aCuaderno técnico _v; No. 13 |
|
| 500 | _aFotocopia | ||
| 590 |
_aBATCH-UPD _b10 _c20130110 _lUCH01 _h1008 |
||
| 590 |
_aBATCH-UPD _b10 _c20130410 _lUCH01 _h0617 |
||
| 590 |
_aBATCH-UPD _b10 _c20130913 _lUCH01 _h2223 |
||
| 590 |
_aBATCH-UPD _b10 _c20130914 _lUCH01 _h1649 |
||
| 590 |
_aCONVERSION _b10 _c20130109 _lUCH01 _h1349 |
||
| 650 | 1 | 4 | _aAgricultura sustentable. |
| 650 | 1 | 4 |
_aAgricultura _xInnovaciones tecnológicas. _91565 |
| 650 | 1 | 4 | _aDesarrollo sustentable. |
| 700 | 0 |
_aSepúlveda, Sergio. _9104494 |
|
| 810 | 2 | 1 | _aInstituto Interamericano de Cooperación para la Agricultura |
| 830 | 0 | 0 |
_aCuaderno técnico _v; No. 13 _929725 |
| 901 | _aBK | ||
| 905 | _aMarco A. Mendoza T. | ||
| 911 | _aCustodia | ||
| 942 | _cFOLL | ||
| 949 |
_aFolleto 16732 _bBC _cFOLL _d996241 _eTS1 _gFotocopia _i99624 _st |
||
| 999 |
_c88103 _d88103 |
||